书目信息 |
| 题名: |
克格勃内幕
|
|
| 作者: | 米亚科夫 著 ;英石 译 | |
| 分册: | ||
| 出版信息: | 北京 群众出版社 1979 |
|
| 页数: | 171页 | |
| 开本: | 19cm | |
| 丛书名: | ||
| 单 册: | ||
| 中图分类: | D518 | |
| 科图分类: | ||
| 主题词: | 国际政治 | |
| 电子资源: | ||
| ISBN: | ||
| 000 | 00716nam0 2200253 45 | |
| 001 | 0179002738 | |
| 005 | 20060913152842.70 | |
| 010 | @dCNY0.47 | |
| 091 | @a3067.72 | |
| 100 | @a19950713d1979 em y0chiy0121 ea | |
| 101 | 1 | @achi@crus |
| 102 | @aCN@b110000 | |
| 105 | @ay z 000yy | |
| 200 | 10 | @a克格勃内幕@Ake ge bo nei mu@e克格勃第三局一位军官的揭露@f(苏)阿列克谢·米亚科夫著@F(su)a lie ke xie·mi ya ke fu zhu@g英石译 |
| 210 | @a北京@c群众出版社@d1979 | |
| 215 | @a171页@d19cm | |
| 300 | @a内部发行 | |
| 601 | 02 | @a克格勃@x史料 |
| 606 | 0 | @a国际政治 |
| 690 | @aD518@v3 | |
| 701 | 1 | @a米亚科夫@Ami ya ke fu@4著 |
| 702 | 0 | @a英石@Aying shi@4译 |
| 801 | 0 | @aCN@bTSSF@c20060913 |
| 905 | @a10447@dD518@e7 | |
| 克格勃内幕:克格勃第三局一位军官的揭露/(苏)阿列克谢·米亚科夫著/英石译.-北京:群众出版社,1979 |
| 171页;19cm |
| 内部发行 |
| ISBN :CNY0.47 |
| ● |
| 相关链接 |
|
|
|
|
正题名:克格勃内幕
索取号:D518/7
 
预约/预借
| 序号 | 登录号 | 条形码 | 馆藏地/架位号 | 状态 | 备注 |
| 1 | 0025970 | 202167699 | 密集书库/ [索取号:D518/7] | 在馆 | |
| 2 | 0426076 | 204260762 | 密集书库/ [索取号:D518/7] | 在馆 | |
| 3 | 0474314 | 204743144 | 密集书库/ [索取号:D518/7] | 在馆 |